| 000 | 00739nam a2200241 a 4500 | ||
|---|---|---|---|
| 008 | 020604s2002 m yxo a r 0 slo c | ||
| 020 |
_a8055102686 _c209 |
||
| 040 |
_aSNK _bslo _cSNK _eAACR2 |
||
| 041 | 1 |
_aslo _heng |
|
| 044 |
_axo _cSK |
||
| 080 | _a820 (73)-3 | ||
| 100 | 1 |
_aGoldberg, Leonard S. _4aut |
|
| 240 | 1 | 0 |
_aFatal care _lSlovensky |
| 245 | 1 | 0 |
_aSmrteľná procedúra _cLeonard S. Goldberg ; [z anglického originálu preložil Patrik Frank] |
| 260 |
_aBratislava _bIkar _c2002 |
||
| 300 |
_a342 s. _c21 cm |
||
| 500 | _aÚdaj prekl. prevzatý z tir. | ||
| 650 | 0 | 7 |
_aromány profesijné americké _2SNK |
| 700 | 1 |
_aFrank, Patrick _4trl |
|
| 730 | _tFatal care | ||
| 765 | 0 |
_tFatal care _aGoldberg, Leonard S. |
|
| 958 | _aAUL | ||
| 999 |
_c8087 _d8087 |
||